000 00675nam a2200277Ia 4500
005 20260324135109.0
008 008 260324s9999 xx 000 0 eng d
020 _a9780429267765
037 _aEBOOK
040 _aCRL
040 _beng
040 _cCRL
041 _2eng
041 _aeng
084 _qCRL
100 _aMary Jo Bane
_91199324
245 0 _aWho Will Provide? The Changing Role Of Religion In American Social Welfare
260 _bTaylor and Francis
260 _c2001
365 _a
365 _b220
856 _uhttp://www.taylorfrancis.com/books/9780429267765
942 _cEBOOK
999 _c1800052
_d1800052